2008/2009 could see dramatic turning point in housing market (Record no. 78375)

MARC details
000 -LEADER
fixed length control field 00750cab a2200193 4500
001 - CONTROL NUMBER
control field L136620
008 - FIXED-LENGTH DATA ELEMENTS--GENERAL INFORMATION
fixed length control field 070212n2007 000 0 eng u
035 ## - SYSTEM CONTROL NUMBER
System control number (Sirsi) u136620
041 0# - LANGUAGE CODE
Language code of text/sound track or separate title eng
100 1# - MAIN ENTRY--PERSONAL NAME
Personal name Harrison, Fred
245 00 - TITLE STATEMENT
Title 2008/2009 could see dramatic turning point in housing market
260 ## - PUBLICATION, DISTRIBUTION, ETC.
Date of publication, distribution, etc. 2007
490 00 - SERIES STATEMENT
Series statement Property Forecast
Volume/sequential designation 10(1) January 2007 10-11(2)
520 ## - SUMMARY, ETC.
Summary, etc. Provides analysis which predicts that house prices will peak at the end of 2007 or the start of 2008. Looks at economic lessons from history and gives a different view to that of the Valuation Office. Includes graphs.
590 ## - LOCAL NOTE (RLIN)
Local note KA
651 #4 - SUBJECT ADDED ENTRY--GEOGRAPHIC NAME
Geographic name United Kingdom
Chronological subdivision
690 ## - LOCAL SUBJECT ADDED ENTRY--TOPICAL TERM (OCLC, RLIN)
Topical term or geographic name as entry element PROPERTY-RESIDENTIAL PROPERTY-RESIDENTIAL PROPERTY MARKET
942 ## - ADDED ENTRY ELEMENTS (KOHA)
Suppress in OPAC 0
Holdings
Withdrawn status Lost status Source of classification or shelving scheme Damaged status Not for loan Home library Current library Shelving location Date acquired Total Checkouts Full call number Barcode Date last seen Copy number Price effective from Koha item type
    Dewey Decimal Classification     London London Journal article 12/02/2007   L136620 136620-1001 06/08/2019 1 06/08/2019 Journal article